Catalogue de la Bibliothèque de l'ENSA

Indices des prix à la production industrielle 1994-2005 (notice nᵒ 20126)

détails MARC
000 -LEADER
fixed length control field 00783nam a2200181zi 4500
005 - DATE AND TIME OF LATEST TRANSACTION
control field 20180315053406.0
037 ## - SOURCE D'ACQUISITION
Cote BC_1401 51/A-B
Forme de support Broché
040 ## - SOURCE DU CATALOGAGE
Origine cataloguage BC-ENSA
Langue du catalogage fre
041 ## - CODE DE LANGUE
Langue Français
Langue du résumé Français
110 ## - AUTEUR MORAL
Nom de collectivité Office national des statistiques. Direction technique chargée des statistiques économiques et du suivi de la conjoncture
245 ## - MENTION DU TITRE
Titre Indices des prix à la production industrielle 1994-2005
Complément de titre indices des prix de gros des fruits et légumes 1995-2005
260 ## - PUBLICATION, DIFFUSION, ETC. (ADRESSE BIBLIOGRAPHIQUE)
Nom de l'éditeur ONS
Lieu d'édition Alger
Année d'édition 2006
300 ## - DESCRIPTION MATÉRIELLE
Illustration ill.
Nombre de pages 59 p.
Format 30 cm
562 ## - NOTE D'IDENTIFICATION DES EXEMPLAIRES ET VERSIONS
Numbre d' exemplaire 02 exemplaire(s)
942 ## - ADDED ENTRY ELEMENTS (KOHA)
Type document Ouvrage
490 ## - MENTION DE COLLECTION
Titre Collection Série E : statistiques économiques
653 ## - DESCRIPTEUR LIBRE
Mots clés libres INDUSTRIE/PRIX/VALEUR AJOUTEE/COMMERCE EXTERIEUR/ENERGIE/PRIX DE GROS/FRUITS/LEGUME
Exemplaires
statut de retrait Statut emplacement permanent Localisation actuelle Cote code à barre Koha type d'élément
    Bibliothèque Centrale Bibliothèque Centrale BC_1401 51/A BC_1401 51/A Ouvrage
    Bibliothèque Centrale Bibliothèque Centrale BC_1401 51/B BC_1401 51/B Ouvrage

Adresse: Ecole Nationale Supérieure Agronomique Hassen Badi - El Harrach Alger, Algérie

Tél +213 (0) 23 82 85 07+213 (0) 23 82 85 12 Fax +213 23 82 85 03/04 Courriel: bibliotheque@edu.ensa.dz